English in a new perspective/ (Record no. 8197)

MARC details
000 -LEADER
fixed length control field 00605nam a22001937a 4500
003 - CONTROL NUMBER IDENTIFIER
control field OSt
005 - DATE AND TIME OF LATEST TRANSACTION
control field 20260203062436.0
008 - FIXED-LENGTH DATA ELEMENTS--GENERAL INFORMATION
fixed length control field 260203b |||||||| |||| 00| 0 eng d
020 ## - INTERNATIONAL STANDARD BOOK NUMBER
International Standard Book Number 971-08-5192-6
040 ## - CATALOGING SOURCE
Original cataloging agency DWC-Main Lib.
Transcribing agency OC
082 ## - DEWEY DECIMAL CLASSIFICATION NUMBER
Classification number Fil. 428 P415e 1992
100 ## - MAIN ENTRY--PERSONAL NAME
Personal name Perez, Alfonzo D.
245 ## - TITLE STATEMENT
Title English in a new perspective/
Statement of responsibility, etc. Alfonzo D. Perez
260 ## - PUBLICATION, DISTRIBUTION, ETC.
Place of publication, distribution, etc. Mandaluyong City, Phils. :
Name of publisher, distributor, etc. National book store,
Date of publication, distribution, etc. c1992.
300 ## - PHYSICAL DESCRIPTION
Extent xvii, 198 p. ;
Dimensions 22 cm.
500 ## - GENERAL NOTE
General note Include bibliography.
650 ## - SUBJECT ADDED ENTRY--TOPICAL TERM
Topical term or geographic name entry element 1. English language--Study and teaching.
942 ## - ADDED ENTRY ELEMENTS (KOHA)
Source of classification or shelving scheme Dewey Decimal Classification
Koha item type Book-Filipiniana
Classification part Fil.
Suppress in OPAC No
952 ## - LOCATION AND ITEM INFORMATION (KOHA)
--
952 ## - LOCATION AND ITEM INFORMATION (KOHA)
--
952 ## - LOCATION AND ITEM INFORMATION (KOHA)
--
Holdings
Withdrawn status Lost status Source of classification or shelving scheme Damaged status Not for loan Home library Current library Shelving location Date acquired Source of acquisition Cost, normal purchase price Total Checkouts Full call number Barcode Date last seen Copy number Price effective from Koha item type Uniform Resource Identifier
    Dewey Decimal Classification     College Library College Library Filipiniana 02/04/2003 School Fund 110.00   Fil. 428 P415e 1992 CL36993 02/03/2026 c1 02/03/2026 BK - FIL
    Dewey Decimal Classification     College Library College Library Filipiniana 02/04/2003 School Fund 110.00   Fil. 428 P415e 1992 CL36994 02/03/2026 c2 02/03/2026 BK - FIL
    Dewey Decimal Classification     College Library College Library Filipiniana 02/04/2003 School Fund 110.00   Fil. 428 P415e 1992 CL36995 02/03/2026 c3 02/03/2026 BK - FIL